[Event "AUTO-ELITE-403"]
[Site "http://www.queenalice.com/game.php?id=655253"]
[Date "2009.9.20"]
[Round "1"]
[White "Pinto_Filho"]
[Black "biscuter"]
[Result "1-0"]
[WhiteElo "2399"]
[BlackElo "2463"]

1. e4 c5 2. b3 Nc6 3. Bb2 e6 4. Nf3 d6 5. d4 cxd4 6. Nxd4 Nf6 7. Nxc6 bxc6 8.
Nd2 Be7 9. Bd3 O-O 10. e5 Nd5 11. Nc4 dxe5 12. O-O Nb4 13. Be4 f5 14. a3 Nd5 15.
Bxd5 cxd5 16. Nxe5 Qc7 17. Re1 Ba6 18. Nf3 Qd7 19. Be5 Rac8 20. Nd4 Bc5 21. f4
Rf7 22. c3 Bxd4+ 23. Bxd4 Re8 24. Re3 Qd6 25. b4 Bc4 26. Qf3 a6 27. Rae1 Bb5 28.
Be5 Qf8 29. Qd1 Rb7 30. Rh3 Rc8 31. Qh5 g6 32. Rg3 Qf7 33. Ree3 Kf8 34. Qg5 a5
35. h4 axb4 36. cxb4 Qe7 37. Bf6 Qf7 38. h5 Ke8 39. hxg6 hxg6 40. Rh3 Kd7 41.
Rh6 Rg8 42. Be5 Kc6 43. a4 Bxa4 44. Rc3+ Kb6 45. Qg3 Rd7 46. Ra3 Ra8 47. Bd4+
Kb7 48. Qd3 1-0

[Event "AUTO-ELITE-403"]
[Site "http://www.queenalice.com/game.php?id=655254"]
[Date "2009.9.20"]
[Round "1"]
[White "biscuter"]
[Black "Pinto_Filho"]
[Result "1/2-1/2"]
[WhiteElo "2470"]
[BlackElo "2392"]

1. d4 d5 2. e4 dxe4 3. Nc3 Nf6 4. f3 exf3 5. Nxf3 Bg4 6. h3 Bh5 7. g4 Bg6 8. Ne5
e6 9. Qf3 c6 10. g5 Nh5 11. Be3 Bb4 12. Be2 Bxc3+ 13. bxc3 Nd7 14. Nxg6 hxg6 15.
O-O O-O 16. Qf2 Qa5 17. Bd2 Rac8 18. Rab1 b5 19. Bxh5 gxh5 20. c4 Qxa2 21. Bb4
c5 22. dxc5 Qxc4 23. c6 Qxc6 24. Bxf8 Rxf8 25. Qxa7 Nb6 26. Rf2 Qc5 27. h4 Qe3
28. Rb3 Qc1+ 29. Kh2 Nc4 30. Rxb5 Ne3 31. Rb8 Ng4+ 32. Kg2 Nxf2 33. Rxf8+ Kxf8
34. Qb8+ Ke7 35. Qc7+ Ke8 36. Qc8+ Ke7 37. Qc7+ Ke8 38. Qc8+ Ke7 1/2-1/2

[Event "AUTO-MASTER-715"]
[Site "http://www.queenalice.com/game.php?id=689430"]
[Date "2009.11.27"]
[Round "2"]
[White "puddschini"]
[Black "Pinto_Filho"]
[Result "0-1"]
[WhiteElo "2489"]
[BlackElo "2409"]

1. e4 d5 2. exd5 Nf6 3. d4 Nxd5 4. c4 Nb4 5. a3 N4c6 6. d5 Ne5 7. Nc3 g6 8. Bf4
Bg7 9. Qe2 Qd6 10. g3 Qf6 11. O-O-O O-O 12. Re1 Nbd7 13. h4 h5 14. Nh3 b5 15.
cxb5 a6 16. Ng5 axb5 17. Nge4 Qb6 18. Qxb5 Qa7 19. Be3 Nb6 20. Qb4 Bf5 21. Bd4
Rab8 22. Bb5 Rfd8 23. Qxe7 Nd3+ 24. Bxd3 Bxd4 25. d6 Rd7 26. Nb5 Qb7 27. Nxd4
Nd5 28. b4 Nxe7 29. dxe7 Rxd4 30. Nf6+ Kg7 0-1

[Event "AUTO-MASTER-715"]
[Site "http://www.queenalice.com/game.php?id=689431"]
[Date "2009.11.27"]
[Round "2"]
[White "Pinto_Filho"]
[Black "puddschini"]
[Result "1/2-1/2"]
[WhiteElo "2425"]
[BlackElo "2488"]

1. f4 g6 2. e4 Bg7 3. Bc4 d6 4. Nf3 Nf6 5. d3 c6 6. Qe2 O-O 7. O-O b5 8. Bb3 a5
9. a3 Na6 10. Nc3 Nc5 11. Ba2 Qb6 12. Kh1 Bb7 13. Be3 Qc7 14. e5 Nfd7 15. Qd2 d5
16. Qf2 Ne6 17. Ne2 c5 18. Qh4 Rfe8 19. Ng3 f5 20. exf6 exf6 21. f5 g5 22. Qg4
Nd8 23. Bf2 Nf7 24. Rae1 Nde5 25. Nxe5 Nxe5 26. Qh3 b4 27. Nh5 Re7 28. d4 cxd4
29. Bxd4 Rae8 30. axb4 axb4 31. Rc1 Qd6 32. Nxg7 Kxg7 33. Qg3 Ba6 34. Rfe1 h5
35. h3 Bc4 36. Bxc4 dxc4 37. Re4 Qd5 38. Rce1 h4 39. Qe3 Qb5 40. b3 cxb3 41.
Qxb3 Qd7 42. Bc5 Rf7 43. Bxb4 Qxf5 44. Bc3 Rfe7 45. Qb5 Kg6 1/2-1/2

[Event "AUTO-MASTER-715"]
[Site "http://www.queenalice.com/game.php?id=689434"]
[Date "2009.11.27"]
[Round "2"]
[White "Pinto_Filho"]
[Black "Phil_Corrigan"]
[Result "0-1"]
[WhiteElo "2434"]
[BlackElo "2371"]

1. e4 e6 2. d4 d5 3. Nc3 Bb4 4. e5 b6 5. a3 Bf8 6. f4 Ne7 7. Nf3 h5 8. Bd3 Ba6
9. Bxa6 Nxa6 10. Qd3 Nb8 11. Nd1 Qd7 12. Ne3 c5 13. O-O Nbc6 14. dxc5 bxc5 15.
c4 d4 16. Nc2 Nf5 17. Bd2 Rb8 18. Rfb1 a5 19. b4 cxb4 20. axb4 axb4 21. Rb2 Bc5
22. Rab1 Qe7 23. Ng5 O-O 24. Ne4 Rfc8 25. g3 Qa7 26. h3 Be7 27. g4 hxg4 28. hxg4
Nh6 29. g5 Nf5 30. Kf2 g6 31. Ra1 Qb7 32. Rab1 Kg7 33. Kg1 Rh8 34. Nf2 Rh4 35.
Ne1 Rbh8 36. Nf3 R4h5 37. Qe4 Qa8 38. c5 d3 39. Be3 Rh1+ 40. Kg2 Rxb1 41. Rxb1
Qa2 42. Re1 Nxe3+ 43. Qxe3 b3 44. Qxd3 Bxc5 45. Re2 Nb4 46. Qc4 Nd5 47. Kg3
Bxf2+ 48. Kxf2 Qa7+ 49. Kg3 Qa1 0-1

[Event "AUTO-MASTER-715"]
[Site "http://www.queenalice.com/game.php?id=689435"]
[Date "2009.11.27"]
[Round "2"]
[White "Phil_Corrigan"]
[Black "Pinto_Filho"]
[Result "1/2-1/2"]
[WhiteElo "2369"]
[BlackElo "2435"]

1. d4 d5 2. c4 Nc6 3. Nc3 e6 4. Nf3 Be7 5. e3 Nf6 6. Be2 O-O 7. O-O b6 8. b3 Bb7
9. Bb2 Re8 10. a3 a6 11. Qc2 Na5 12. Rfd1 c5 13. dxc5 bxc5 14. Na4 Ne4 15. cxd5
exd5 16. Nc3 Nxc3 17. Bxc3 Rc8 18. Qb2 Bd6 19. Rab1 Rb8 20. Qd2 Bc7 21. Bxa5
Bxa5 22. b4 Bb6 23. bxc5 Bxc5 24. Rb3 Qd6 25. Nd4 Bc8 26. Rxb8 Qxb8 27. Bf3 Bxa3
28. Bxd5 Bd6 29. g3 Be7 30. Qa2 Rf8 31. Rb1 Qc7 32. Nc6 Bd6 33. Qc4 Kh8 34. Rb8
f6 35. Ra8 Qb6 36. Ne5 fxe5 37. Rxc8 a5 38. Qc3 Qb1+ 39. Kg2 Qf5 40. Rxf8+ Qxf8
41. Qxa5 g6 42. Qa7 Qe7 43. Qa8+ Kg7 44. Qc8 Kh6 45. h4 1/2-1/2

[Event "AUTO-ELITE-403"]
[Site "http://www.queenalice.com/game.php?id=723905"]
[Date "2010.2.1"]
[Round "2"]
[White "Pinto_Filho"]
[Black "isaacfieri"]
[Result "1/2-1/2"]
[WhiteElo "2434"]
[BlackElo "2452"]

1. f4 d5 2. Nf3 c5 3. Nc3 Nc6 4. e3 a6 5. Bd3 g6 6. O-O Bg7 7. b3 Nh6 8. Bb2 Bf5
9. Na4 Bxb2 10. Nxb2 O-O 11. Qe1 b5 12. Bxf5 Nxf5 13. g4 Nd6 14. Qh4 f6 15. Nd3
Ne4 16. g5 Qd6 17. Nf2 Rad8 18. d3 Nc3 19. Nd1 Nxd1 20. Raxd1 Rf7 21. Rd2 d4 22.
e4 f5 23. e5 Qd7 24. a3 e6 25. Qg3 Ne7 26. h4 Nd5 27. Rh2 Ne3 28. Ra1 Qb7
1/2-1/2

[Event "AUTO-ELITE-403"]
[Site "http://www.queenalice.com/game.php?id=723906"]
[Date "2010.2.1"]
[Round "2"]
[White "isaacfieri"]
[Black "Pinto_Filho"]
[Result "0-1"]
[WhiteElo "2452"]
[BlackElo "2444"]

1. c4 e5 2. Nc3 Nf6 3. g3 d5 4. cxd5 Nxd5 5. Bg2 Nxc3 6. bxc3 Nc6 7. Rb1 Bc5 8.
d3 O-O 9. Nf3 Bb6 10. O-O Re8 11. Nd2 Be6 12. Qa4 Qd7 13. Re1 Bd5 14. Ne4 Rab8
15. c4 Be6 16. Bd2 Qe7 17. c5 Bxc5 18. Rxb7 Rxb7 19. Qxc6 Rb2 20. Bg5 Bxf2+ 21.
Kxf2 f6 22. Be3 Rd8 23. a4 Rxd3 24. Bxa7 h6 25. a5 f5 26. Kg1 Rd8 27. Nc3 e4 28.
Bc5 Qd7 29. Qxd7 Bxd7 0-1

[Event "AUTO-ELITE-394"]
[Site "http://www.queenalice.com/game.php?id=752290"]
[Date "2010.3.27"]
[Round "2"]
[White "Pinto_Filho"]
[Black "pumamercedino"]
[Result "1/2-1/2"]
[WhiteElo "2431"]
[BlackElo "2480"]

1. f4 d5 2. Nf3 Nf6 3. e3 Bg4 4. d4 e6 5. Bd3 c5 6. c3 Nc6 7. O-O Bd6 8. Qe1 Bf5
9. Bxf5 exf5 10. Nbd2 O-O 11. Ne5 Qb6 12. Ndf3 cxd4 13. exd4 Rfe8 14. Qg3 Ne4
15. Qh3 g6 16. Nd3 Re7 17. Ng5 h5 18. Nxe4 dxe4 19. Ne1 Rd7 20. Nc2 Rc8 21. b3
Qc7 22. Ne3 Ne7 23. c4 Bxf4 24. Qh4 Bxe3+ 25. Bxe3 b5 26. Rac1 bxc4 27. bxc4 Qb6
28. Rf2 Qb4 29. Rfc2 Qa4 30. Bf4 Nd5 31. Be5 Kh7 32. cxd5 Rxc2 33. Rxc2 Qxc2 34.
Qf6 Qb1+ 35. Kf2 Qxa2+ 36. Kg1 Qb1+ 37. Kf2 Qb2+ 38. Kf1 Qc1+ 39. Ke2 Qc2+ 40.
Ke1 Qc3+ 1/2-1/2

[Event "AUTO-ELITE-394"]
[Site "http://www.queenalice.com/game.php?id=752291"]
[Date "2010.3.27"]
[Round "2"]
[White "pumamercedino"]
[Black "Pinto_Filho"]
[Result "1-0"]
[WhiteElo "2475"]
[BlackElo "2441"]

1. e4 d5 2. exd5 Qxd5 3. Nc3 Qd6 4. g3 e5 5. Bg2 Nc6 6. Nf3 Bg4 7. O-O O-O-O 8.
d3 f6 9. Re1 Qd7 10. Bd2 g5 11. Rb1 h5 12. Ne4 h4 13. b4 Nd4 14. Be3 hxg3 15.
hxg3 Qh7 16. Bxd4 Rxd4 17. c3 Rd5 18. d4 Be7 19. Nc5 Bf5 20. Qb3 Rd6 21. Qa4 Kb8
22. dxe5 fxe5 23. Qb5 b6 24. Nxe5 Qh2+ 25. Kf1 Bh3 26. Ncd7+ Kc8 27. Qa6+ Kd8
28. Nf7+ Kxd7 29. Qa4+ c6 30. Qxa7+ Ke8 31. Nxd6+ Kf8 32. Qa8+ Kg7 33. Qxc6 Bxd6
34. Rbd1 Rh6 35. Bxh3 Qxh3+ 36. Qg2 Qc8 37. Rd3 Kh8 38. Kg1 Bf8 39. Qd5 Qh3 40.
Re8 Qh2+ 41. Kf1 Rf6 42. Rf3 Qh1+ 43. Ke2 Qh5 44. Rd8 Qg4 45. Ke3 1-0

[Event "AUTO-ELITE-551"]
[Site "http://www.queenalice.com/game.php?id=777206"]
[Date "2010.5.18"]
[Round "1"]
[White "JDZ"]
[Black "Pinto_Filho"]
[Result "1/2-1/2"]
[WhiteElo "2458"]
[BlackElo "2434"]

1. d4 d5 2. c4 e6 3. Nf3 Be7 4. Nc3 Nf6 5. Bf4 O-O 6. e3 Nbd7 7. a3 c5 8. cxd5
Nxd5 9. Nxd5 exd5 10. dxc5 Nxc5 11. Be5 Bf6 12. Bxf6 Qxf6 13. Qd4 Qe7 14. Rd1
Rd8 15. Bd3 Nxd3+ 16. Rxd3 b6 17. Rc3 Ba6 18. Kd2 Rac8 19. Rxc8 Rxc8 20. Rc1
Rxc1 21. Kxc1 Qe4 22. Qxe4 dxe4 23. Nd4 Bf1 24. g3 g6 25. Nc6 a5 26. Kd2 Kf8 27.
Kc3 f5 28. Kd4 a4 29. g4 fxg4 30. Ne5 Ke7 31. Nxg4 Ke6 32. Kxe4 h5 33. Ne5 Bg2+
34. Kd4 g5 35. e4 h4 36. Nc4 b5 37. Ne3 Bf3 38. Nd5 Be2 39. f4 g4 40. f5+ Kf7
41. e5 g3 42. e6+ Kf8 43. e7+ Kf7 44. hxg3 h3 45. f6 1/2-1/2

[Event "AUTO-ELITE-551"]
[Site "http://www.queenalice.com/game.php?id=777207"]
[Date "2010.5.18"]
[Round "1"]
[White "Pinto_Filho"]
[Black "JDZ"]
[Result "1-0"]
[WhiteElo "2432"]
[BlackElo "2467"]

1. e4 c6 2. d4 d5 3. Nc3 dxe4 4. Nxe4 Nf6 5. Nxf6+ gxf6 6. Qd3 Na6 7. Bd2 Qb6 8.
O-O-O Bg4 9. f3 Bh5 10. h4 Bg6 11. Qb3 Nc7 12. h5 Bf5 13. Qa4 O-O-O 14. Ba5 Bh6+
15. Kb1 Qc5 16. Bd3 Qd5 17. Ne2 Bxd3 18. Rxd3 Rhg8 19. Nc3 Qd7 20. Bxc7 Qxc7 21.
Qxa7 Rxg2 22. Na4 Qh2 23. Rhd1 Rg1 24. a3 Rxd1+ 25. Rxd1 e6 26. Rd3 Rg8 27. Nb6+
Kc7 28. Na8+ Kd8 29. Rb3 1-0

[Event "AUTO-ELITE-551"]
[Site "http://www.queenalice.com/game.php?id=777212"]
[Date "2010.5.18"]
[Round "1"]
[White "Pinto_Filho"]
[Black "Harir"]
[Result "1-0"]
[WhiteElo "2424"]
[BlackElo "2350"]

1. f4 d5 2. Nf3 Nf6 3. b3 g6 4. Bb2 Bg7 5. e3 O-O 6. Be2 c5 7. O-O Nc6 8. Ne5
Qc7 9. Nxc6 Qxc6 10. Bf3 Bf5 11. g4 Be4 12. d3 Bxf3 13. Qxf3 d4 14. e4 h5 15. h3
hxg4 16. hxg4 Qd7 17. f5 Bh6 18. Na3 b5 19. Bc1 Bxc1 20. Raxc1 Qc6 21. Rf2 Qa6
22. Qf4 Qxa3 23. Rcf1 Qxa2 24. Rh2 Nh5 25. Qh6 Qa6 26. Rxh5 gxh5 27. Qxa6 hxg4
28. Qh6 Rac8 29. Rf4 Rc6 30. Rxg4+ Rg6 31. fxg6 fxg6 32. Qxg6+ Kh8 33. Qh6# 1-0

[Event "AUTO-ELITE-551"]
[Site "http://www.queenalice.com/game.php?id=777213"]
[Date "2010.5.18"]
[Round "1"]
[White "Harir"]
[Black "Pinto_Filho"]
[Result "0-1"]
[WhiteElo "2355"]
[BlackElo "2452"]

1. e4 d5 2. exd5 Nf6 3. Nf3 Nxd5 4. Bc4 Nb6 5. Bb3 a5 6. a3 a4 7. Ba2 Bf5 8. O-O
e6 9. d3 Nc6 10. Nc3 Bg4 11. h3 Bh5 12. g4 Bg6 13. Bf4 Bd6 14. Qd2 Qf6 15. Bxd6
cxd6 16. Qe3 Ra5 17. Rae1 Nd7 18. Nd2 h5 19. Nde4 Qd4 20. Qxd4 Nxd4 21. Nxd6+
Ke7 22. Nc4 Nf3+ 23. Kg2 Nxe1+ 24. Rxe1 Raa8 25. g5 Rhc8 26. Nd5+ Kd8 27. Nf4
Rc5 28. h4 Nf8 29. c3 Rb5 30. Re2 Ra6 31. Ne5 Rab6 32. Nc4 Rc6 33. Re5 Rxc4 34.
Nxe6+ Nxe6 35. Rxb5 Rg4+ 36. Kf3 Bxd3 37. Rd5+ Kc7 38. Rxd3 Rxh4 39. Bxe6 fxe6
40. Kg2 Rg4+ 41. Kh3 Rxg5 42. Rd4 Rb5 43. Kh4 Rxb2 44. Rxa4 Rxf2 45. Kxh5 Rg2
46. Rc4+ Kd6 47. Rb4 e5 48. Rb6+ Kc7 49. Re6 Rc2 50. Rxe5 Rxc3 51. Re7+ Kb6 52.
a4 Rc4 53. a5+ Ka6 54. Rxg7 Ra4 55. Kg5 Rxa5+ 56. Kf4 Rd5 57. Ke4 Rd1 58. Ke3 b5
59. Ke2 Rd5 60. Ke3 b4 61. Ke4 Rd8 62. Rg1 Kb5 63. Rb1 Kc4 64. Rc1+ Kb3 65. Rc7
Kb2 66. Rb7 b3 67. Ke3 Kc2 68. Rc7+ Kb1 69. Ra7 b2 70. Ke2 Rd5 71. Ke3 Kc2 72.
Rc7+ Kb3 73. Rb7+ Kc3 74. Rxb2 Kxb2 75. Ke4 Ra5 76. Kd4 Kb3 77. Ke4 Kc4 78. Kf4
Kd4 79. Kf3 Rf5+ 80. Ke2 Rf4 81. Kd2 Rf2+ 82. Ke1 Ke3 83. Kd1 Rh2 84. Kc1 Kd3
85. Kb1 Kc3 86. Ka1 Kb3 87. Kb1 Rh1# 0-1

[Event "AUTO-ELITE-566"]
[Site "http://www.queenalice.com/game.php?id=788732"]
[Date "2010.6.11"]
[Round "1"]
[White "trill"]
[Black "Pinto_Filho"]
[Result "1/2-1/2"]
[WhiteElo "2385"]
[BlackElo "2425"]

1. c4 c5 2. Nf3 Nc6 3. d4 cxd4 4. Nxd4 g6 5. e4 Bg7 6. Be3 Nh6 7. Be2 d6 8. O-O
O-O 9. Nc3 f5 10. exf5 Nxf5 11. Nxf5 Bxf5 12. c5 dxc5 13. Bxc5 1/2-1/2

[Event "AUTO-ELITE-566"]
[Site "http://www.queenalice.com/game.php?id=788738"]
[Date "2010.6.11"]
[Round "1"]
[White "Pinto_Filho"]
[Black "josekasparov"]
[Result "1-0"]
[WhiteElo "2434"]
[BlackElo "2287"]

1. f4 d5 2. Nf3 Nc6 3. d4 g6 4. e3 Bg7 5. Nbd2 Nf6 6. c3 O-O 7. Bd3 Ng4 8. e4
Bh6 9. Nb3 dxe4 10. Bxe4 Qd6 11. Ne5 Nf6 12. Bxc6 bxc6 13. O-O Be6 14. Nc5 Bd5
15. Nb7 Qe6 16. f5 Qc8 17. Bxh6 Qxb7 18. Bxf8 Rxf8 19. c4 Be4 20. fxg6 hxg6 21.
Qd2 Rd8 22. g4 c5 23. d5 c6 24. g5 cxd5 25. gxf6 exf6 26. Rxf6 Qe7 27. Qg5 Re8
28. Nxf7 Kg7 29. Raf1 1-0

[Event "AUTO-ELITE-566"]
[Site "http://www.queenalice.com/game.php?id=788739"]
[Date "2010.6.11"]
[Round "1"]
[White "josekasparov"]
[Black "Pinto_Filho"]
[Result "0-1"]
[WhiteElo "2265"]
[BlackElo "2439"]

1. d4 Nf6 2. c4 c5 3. d5 e5 4. Nc3 d6 5. e4 Na6 6. f4 exf4 7. Bxf4 Be7 8. Nf3
Ng4 9. Qd2 Bf6 10. O-O-O O-O 11. h3 Ne5 12. Be2 Qe7 13. g4 Nxf3 14. Bxf3 Be5 15.
h4 Nc7 16. Bxe5 Qxe5 17. g5 a6 18. h5 b5 19. Qg2 bxc4 20. g6 fxg6 21. hxg6 Qf4+
22. Kb1 Qxf3 23. gxh7+ Kh8 24. Qg6 Nb5 25. Nxb5 axb5 26. Rhf1 Qxf1 27. Rxf1
Rxf1+ 28. Kc2 Rf2+ 29. Kc1 Bd7 30. Qxd6 Rxa2 0-1

[Event "Challenge"]
[Site "http://www.queenalice.com/game.php?id=837712"]
[Date "2010.9.25"]
[Round "-"]
[White "pickles"]
[Black "Pinto_Filho"]
[Result "1/2-1/2"]
[WhiteElo "2440"]
[BlackElo "2460"]

1. d4 c5 2. Nf3 cxd4 3. Nxd4 d5 4. g3 e5 5. Nb3 Nc6 6. Bg2 Be6 7. O-O Nf6 8. Bg5
Be7 9. Nc3 d4 10. Bxf6 gxf6 11. Na4 Bd5 12. Qd3 Bxg2 13. Kxg2 Rc8 14. Qe4 Na5
15. Rfd1 b5 16. Nc3 Nc4 17. Nxd4 exd4 18. Rxd4 Qb6 19. a4 Qe6 20. axb5 f5 21.
Qb7 Bf6 22. Ra6 Nb6 23. Rd3 O-O 24. Rxa7 Bxc3 25. Rxc3 Rxc3 26. bxc3 Rc8 27. Ra6
Qd5+ 28. Qxd5 Nxd5 29. Ra3 Kf8 30. Rb3 Ke7 31. b6 Rb8 32. b7 Kd7 33. c4 Ne7 34.
Rb6 Nc6 35. Rb5 Nd8 36. Rxf5 Rxb7 37. Rh5 Rb2 38. Rxh7 Rxc2 39. h4 Rxc4 40. h5
Ke7 41. Rh8 f5 42. f3 Nf7 43. Ra8 Kf6 44. Rg8 Ne5 45. Kf2 Ra4 46. Rf8+ Nf7 47.
Ke3 Kg7 48. Rc8 1/2-1/2

[Event "AUTO-ELITE-551"]
[Site "http://www.queenalice.com/game.php?id=837909"]
[Date "2010.9.25"]
[Round "2"]
[White "Kuarwaki"]
[Black "Pinto_Filho"]
[Result "1-0"]
[WhiteElo "2523"]
[BlackElo "2448"]

1. d4 c5 2. d5 e5 3. c4 d6 4. Nc3 Na6 5. e4 Be7 6. h3 Bf6 7. Nf3 Ne7 8. Be3 Nc7
9. Bd3 O-O 10. O-O Ng6 11. a3 Nf4 12. b4 b6 13. Bc2 g5 14. Rb1 cxb4 15. axb4 Bg7
16. c5 h5 17. c6 Qf6 18. Bxf4 Qxf4 19. Nd2 g4 20. g3 Qh6 21. h4 b5 22. Qe2 a6
23. Rfd1 f5 24. exf5 Bxf5 25. Bxf5 Rxf5 26. Nde4 Bf8 27. Qa2 Be7 28. Qa5 Rc8 29.
Qb6 Rf3 30. Ra1 Bxh4 31. gxh4 Qf4 32. Qb7 Rf8 33. Ra2 Rh3 34. Qxc7 Qf3 35. Qh7+
Kxh7 36. Ng5+ Kg6 37. Nxf3 gxf3 38. Ne4 Rxh4 39. Re1 Rg8 40. Ng3 Rh3 41. Re4 Kg5
42. Ra3 h4 43. Rxf3 hxg3 44. Kg2 Rgh8 45. Rxg3+ Rxg3+ 46. Kxg3 Ra8 47. Rg4+ Kf5
48. f3 Kf6 49. Rh4 Kg6 50. Rh1 Re8 51. Kf2 Rf8 52. Ke3 1-0

[Event "AUTO-ELITE-551"]
[Site "http://www.queenalice.com/game.php?id=837910"]
[Date "2010.9.25"]
[Round "2"]
[White "Pinto_Filho"]
[Black "Kuarwaki"]
[Result "1/2-1/2"]
[WhiteElo "2458"]
[BlackElo "2538"]

1. f4 d5 2. Nf3 Nf6 3. e3 g6 4. b3 Bg7 5. Bb2 c5 6. Be2 O-O 7. O-O Nc6 8. Ne5
Qc7 9. Nxc6 Qxc6 10. Bf3 Bf5 11. d3 Qd7 12. Qe2 Rad8 13. Nd2 Be6 14. Rae1 d4 15.
Nc4 Nd5 16. Ne5 Qd6 17. Bxd5 Qxd5 18. e4 Qd6 19. Nc4 Qa6 20. a4 Bxc4 21. dxc4 d3
22. cxd3 Bxb2 23. Qxb2 Rxd3 24. Rd1 Rfd8 25. Qc2 Qd6 26. Qxd3 Qxd3 27. Rxd3 Rxd3
28. Rf3 Rd2 29. Rf2 Rd1+ 1/2-1/2

[Event "AUTO-ELITE-566"]
[Site "http://www.queenalice.com/game.php?id=846134"]
[Date "2010.10.15"]
[Round "2"]
[White "Kuarwaki"]
[Black "Pinto_Filho"]
[Result "1-0"]
[WhiteElo "2516"]
[BlackElo "2455"]

1. e4 d5 2. exd5 Qxd5 3. Nc3 Qd6 4. Nf3 a6 5. d4 Nf6 6. Bc4 b5 7. Bd3 Bb7 8. Qe2
Nbd7 9. O-O e6 10. a4 b4 11. Ne4 Qd5 12. Nxf6+ Nxf6 13. c4 Qh5 14. c5 Bxf3 15.
gxf3 Be7 16. Rd1 O-O 17. Bxa6 Nd5 18. Bd3 Ra5 19. Qe4 Rfa8 20. Bc2 c6 21. Bb3
Bd8 22. Qg4 Qg6 23. Qxg6 hxg6 24. Bxd5 exd5 25. b3 Bf6 26. Ra2 R5a7 27. Re2 Kf8
28. Bf4 g5 29. Bd6+ 1-0

[Event "AUTO-ELITE-566"]
[Site "http://www.queenalice.com/game.php?id=846135"]
[Date "2010.10.15"]
[Round "2"]
[White "Pinto_Filho"]
[Black "Kuarwaki"]
[Result "1-0"]
[WhiteElo "2460"]
[BlackElo "2525"]

1. d4 Nf6 2. Nf3 d5 3. Bf4 e6 4. e3 Be7 5. Bd3 O-O 6. Nbd2 Nh5 7. Bg3 Nxg3 8.
hxg3 g6 9. Ne5 Nc6 10. Ndf3 Nxe5 11. Nxe5 Bd6 12. Qg4 Qf6 13. O-O-O c5 14. Rh6
cxd4 15. Nxg6 hxg6 16. Bxg6 fxg6 17. Rxg6+ Kf7 18. Rxf6+ Kxf6 19. Qxd4+ Kf7 20.
Rh1 Be7 21. Rh7+ Ke8 22. Qg7 Bf6 23. Qc7 Bg5 24. f4 Bd8 25. Qd6 a5 26. g4 a4 27.
Qc5 Rf7 28. Qb5+ Ke7 29. Rh8 1-0

[Event "AUTO-ELITE-566"]
[Site "http://www.queenalice.com/game.php?id=846138"]
[Date "2010.10.15"]
[Round "2"]
[White "Pinto_Filho"]
[Black "trill"]
[Result "0-1"]
[WhiteElo "2469"]
[BlackElo "2507"]

1. c4 Nf6 2. Nc3 g6 3. e4 d6 4. d4 Bg7 5. Be2 O-O 6. g4 a6 7. g5 Nfd7 8. h4 c5
9. d5 b5 10. h5 Ne5 11. cxb5 axb5 12. Nxb5 c4 13. a4 Bd7 14. Nc3 Qa5 15. Kf1 Na6
16. f4 Nd3 17. Bxd3 cxd3 18. Qxd3 Nc5 19. Qe3 Bxc3 20. bxc3 Nxe4 21. c4 Bf5 22.
hxg6 fxg6 23. Ne2 Qb4 24. Qd4 Rfb8 25. Kg2 Qb3 26. Ra3 Qc2 0-1

[Event "AUTO-ELITE-566"]
[Site "http://www.queenalice.com/game.php?id=846139"]
[Date "2010.10.15"]
[Round "2"]
[White "trill"]
[Black "Pinto_Filho"]
[Result "1-0"]
[WhiteElo "2514"]
[BlackElo "2462"]

1. d4 g6 2. e4 Bg7 3. Nc3 c6 4. f4 d5 5. e5 h5 6. Nf3 Nh6 7. Be3 Bg4 8. h3 Bxf3
9. Qxf3 Nf5 10. O-O-O Nxe3 11. Qxe3 e6 12. g3 Nd7 13. Kb1 Qa5 14. Ne2 b5 15. Nc1
Qb6 16. Be2 O-O-O 17. Nd3 Bf8 18. g4 c5 19. dxc5 Nxc5 20. gxh5 gxh5 21. f5 Nxd3
22. Qxb6 axb6 23. cxd3 d4 24. Rc1+ 1-0